PRACTICAL SOLUTION OF TORSIONAL VIBRATION PROBLEMS WITH EXAMPLES FROM MARINE ELECTRICAL AERONAUTICAL AND AUTOMOBILE ENGINEERING PRACTICE (Record no. 584162)

000 -LEADER
fixed length control field 00359nam a22001097a 4500
082 ## - DEWEY DECIMAL CLASSIFICATION NUMBER
Classification number 620.3 WIL'P
100 ## - MAIN ENTRY--PERSONAL NAME
Personal name WILSON, W. K
9 (RLIN) 79099
245 ## - TITLE STATEMENT
Title PRACTICAL SOLUTION OF TORSIONAL VIBRATION PROBLEMS WITH EXAMPLES FROM MARINE ELECTRICAL AERONAUTICAL AND AUTOMOBILE ENGINEERING PRACTICE
300 ## - PHYSICAL DESCRIPTION
Extent LONDON
Other physical details CHAPMAN & HALL
Accompanying material 1969
490 ## - SERIES STATEMENT
Series statement 43PP
942 ## - ADDED ENTRY ELEMENTS (KOHA)
Koha item type Book
Holdings
Withdrawn status Lost status Damaged status Not for loan Permanent Location Current Location Shelving location Date acquired Total Checkouts Full call number Barcode Date last seen Price effective from Koha item type
        College of Electrical & Mechanical Engineering (CEME) College of Electrical & Mechanical Engineering (CEME) General Stacks 07/03/2017   620.3 WIL'P CEME-7083 06/28/2021 06/28/2021 Book
© 2023 Central Library, National University of Sciences and Technology. All Rights Reserved.